Návrh tepelného čerpadla pre vybraný objekt

Guardado en:
Detalles Bibliográficos
Autor principal: Slota, Peter, 1988- (Autor)
Otros Autores: Pípa, Marek, 1978- (Orientador)
Formato: Manuscrito Libro
Lenguaje:eslovaco
Publicado: Bratislava : STU v Bratislave FEI, 2010
Materias:
Acceso en línea:VAIS
Etiquetas: Agregar Etiqueta
Sin Etiquetas, Sea el primero en etiquetar este registro!

MARC

LEADER 00000ntm a22000003a 4500
001 stu209391
005 20150617230102.8
008 100818s2010------------------------slo-d
040 |a STU  |b slo 
041 0 |a slo 
100 1 |a Slota, Peter,  |d 1988-  |4 aut  |u E  |T FEI Fakulta elektrotechniky a informatiky  |X 50688  |U E  |Y 30  |7 A000050688 
242 0 0 |a Suggestion of heat pump for selected object  |y eng 
245 1 |a Návrh tepelného čerpadla pre vybraný objekt 
260 |a Bratislava :  |b STU v Bratislave FEI,  |c 2010 
650 7 |a heat pump  |2 estusub 
650 7 |a tepelné čerpadlo  |2 stusub 
650 7 |a vykurovanie  |2 stusub 
650 7 |a elektrotechnika  |2 stusub 
700 1 |a Pípa, Marek,  |d 1978-  |4 ths  |u E020  |U FEI Fakulta elektrotechniky a informatiky  |T FEI Ústav elektroenergetiky a aplikovanej elektrotechniky  |X 2666  |U E020  |Y 548  |7 A000002666 
856 4 |a info a plný text  |u http://is.stuba.sk/zp/portal_zp.pl?podrobnosti=49871  |3 VAIS